000 01134nam a2200241Ia 4500
999 _c56394
_d56394
001 23507
003 GE_BSU
005 20260211170303.0
008 181216s||||||||xx |||||||||||||| ||und||
040 _cGE_BSU
041 _ageo
080 _a37.1(479.22)(092) დ-90
100 _aდუმბაძე, ნიკოლოზ
_99048
245 _aსახალხო მოღვაწენი :
_bთვითნასწავლები ჩვენში და რუსეთში /
_cნიკოლოზ დუმბაძე, სერგო კაკაურიძე ; რედ. ს. დუმბაძე.
264 _aთბილისი :
_bინოვაცი,
_c2007.
300 _a499 გვ. :
_bილ. ;
_c20სმ.
541 _h12 ლ.
653 _aარჩილ ტაკიძე. ცხოვრება და მოღვაწეობა
653 _aსახალხო მოღვაწე
700 _aკაკაურიძე, სერგო
_eავტორი
_926880
700 _aდუმბაძე, ს.
_eრედაქტორი
_926881
942 _cBK
_2udc